Nová priemyselná revolúcia v Európe?

Charakter priemyslu v globalizovanom svete sa mení. Tieto zmeny sú vyvolané zrýchľujúcimi sa prepojeniami fyzikálnych, digitálnych a biologických systémov. Vyznačujú sa ohromujúcimi objavmi v novovznikajúcich technologických oblastiach, ktoré zahŕňajú najmä umelú inteligenciu, internet vecí, cloud c...

Full description

Saved in:
Bibliographic Details
Main Author: Kopkáš, Peter
Format: Book Chapter
Language:Slovak
Subjects:
Tags: Add Tag
No Tags, Be the first to tag this record!

MARC

LEADER 00000naa a2200000 4500
001 0226291
005 20240502073722.8
041 0 |a slo 
044 |a SK 
245 1 0 |a Nová priemyselná revolúcia v Európe?  |c Peter Kopkáš 
520 |a Charakter priemyslu v globalizovanom svete sa mení. Tieto zmeny sú vyvolané zrýchľujúcimi sa prepojeniami fyzikálnych, digitálnych a biologických systémov. Vyznačujú sa ohromujúcimi objavmi v novovznikajúcich technologických oblastiach, ktoré zahŕňajú najmä umelú inteligenciu, internet vecí, cloud computing, robotiku, autonómne vozidlá, aditívnu výrobu, nanotechnológie, biotechnológie, nové materiály, skladovanie energie a podobne. 
610 2 0 |a revolúcia priemyselná 
610 2 0 |a Európa 
610 2 0 |a technológie informačné 
610 2 0 |a technológie komunikačné 
610 2 0 |a technológie znalostné 
100 1 |a Kopkáš, Peter